| 000 | 00575nam a2200193 4500 | ||
|---|---|---|---|
| 001 | 127921 | ||
| 003 | ES-MaACL | ||
| 005 | 20230906193124.0 | ||
| 007 | t| | ||
| 008 | 070214s1973 sp r ||||1| spa d | ||
| 100 | 1 |
_aRivero, Eliana S. _997681 |
|
| 245 | 1 | 3 |
_aEl gran amor de Pablo Neruda _b: estudio crítico de su poesía / _cEliana S. Rivero. |
| 260 |
_aMadrid : _bPlayor, _c1973. |
||
| 300 |
_a182 p. ; _c21 cm. |
||
| 490 | 1 |
_aPlaza Mayor Scholar ; _v1 |
|
| 830 | 0 |
_aPlaza Mayor Scholar ; _v1 _9181264 |
|
| 852 |
_aES-MaACL _jC-51942 _bR.85729 |
||
| 999 |
_c127921 _d127921 |
||